| Поле | Инд. | ПП | Название | Значение |
|---|---|---|---|---|
| Тип записи | a | |||
| Библиографический уровень | m | |||
| 001 | Контрольный номер | 4c49d362-2e7d-46ab-b21b-4287b13e6797 | ||
| 005 | Дата корректировки | 20140703134049.9 | ||
| 008 | Кодируемые данные | 050428 | ||
| 020 | c | Цена, тираж | б/ц | |
| 040 | a | Служба первич. каталог. | НБ ТвГУ | |
| 041 | a | Код языка текста | rus | |
| 080 | a | Индекс УДК | 811.411.16'276.6:32(043.3) | |
| a | Индекс УДК | 811.411.16'276.6:32(043.3) | ||
| 084 | a | Индекс другой классификации/Индекс ББК | Ш161.121.53-34:С.я031 | |
| a | Индекс другой классификации/Индекс ББК | Ш161.121.53-211я031 | ||
| a | Индекс другой классификации/Индекс ББК | Ш141.12-34:С.я031 | ||
| a | Индекс другой классификации/Индекс ББК | Ш141.12-211я031 | ||
| 090 | x | Авторский знак | А13 | |
| a | Полочн. индекс | Ш161.121.53 | ||
| 100 | 2_ | a | Автор | Абдул-Хамид Муджахид Ахмад |
| 245 | 10 | a | Заглавие | Политическая лексика в современном русском языке и в современном иврите (слосообразование) |
| b | Продолж. заглавия | автореф. дис. ... канд. филол. наук : 10.02.01 ; 10.02.22 | ||
| c | Ответственность | С.-Петерб. гос. ун-т, Каф. рус. яз. филол. фак. | ||
| 260 | 0_ | a | Место издания | СПб. |
| b | Издательство | Санкт-Петербургский гос. ун-т | ||
| c | Дата издания | 2005 | ||
| 300 | a | Объем | 21 с. | |
| 500 | a | Примечание | На правах рукоп. | |
| 504 | a | Библиография | Библиогр.: с. 21. | |
| 583 | a | Действие | Получение впервые 131 28.04.2005 | |
| 650 | a | Основная рубрика | Социолингвистика | |
| 650 | a | Основная рубрика | Иврит | |
| x | Основная подрубрика | Политическая лексика | ||
| 650 | a | Основная рубрика | Русский язык | |
| x | Основная подрубрика | Терминология политическая | ||
| x | Основная подрубрика | Словообразование | ||
| 653 | a | Ключевые слова | Социолингвистика | |
| a | Ключевые слова | Иврит | ||
| a | Ключевые слова | Политическая лексика | ||
| a | Ключевые слова | Русский язык | ||
| a | Ключевые слова | Словообразование | ||
| a | Ключевые слова | Терминосистемы | ||
| a | Ключевые слова | Авторефераты | ||
| 852 | t | Порядковый номер экземпляра | 1 | |
| p | Инвентарный номер | б/н | ||
| 888 | a | Бесплатные | ||
| 930 | a | Новая/Ретро | авторефераты | |
| 952 | p | 131.2005 б/ц 1 б/н | ||
| c | Вид литературы | А/Р н | ||
| 954 | a | Дата поступления на обработку | 20050506 | |
| 999 | a | Подразделение 2 | ч.з. |